LEADER 01528nam0 22003251i 450 001 RML0317306 005 20231121125755.0 100 $a20121121d2011 ||||0itac50 ba 101 | $aspa 102 $aes 181 1$6z01$ai $bxxxe 182 1$6z01$an 200 1 $aBenzú y los orígenes de Ceuta$eExposición $fJosé Ramos, Darío Bernal, Antonio Cabral, Eduardo Vijande y Juan Jesús Cantillo (coordinatores) 210 $aCeuta $cCiudad Autónoma de Ceuta $d©2011 215 $a124 p., 47 schede di catalogo$cill.$d25 cm 300 $aAl piè del front.: Ciudad Autónoma de Ceuta, Museo de la Basílica tardorromana de Ceuta, Universidad de Cádiz 606 $aEsposizioni$xCeuta$x2011-2012$2FIR$3RMLC424257$9I 606 $aCeuta$xPreistoria$xSpagna$xCataloghi di esposizioni$2FIR$3RMLC424258$9I 676 $a930.366$9$v21 700 1$aRamos$b, José$3RMLV204824$01446401 701 1$aCabral$b, Antonio$3RMLV204822$01446402 701 1$aBernal$b, Darío$3RMLV204823$01446403 801 3$aIT$bIT-01$c20121121 850 $aIT-FR0017 899 $aBiblioteca umanistica Giorgio Aprea$bFR0017 912 $aRML0317306 950 0$aBiblioteca umanistica Giorgio Aprea$d 52CIS 8/676$e 52VM 0000879315 VM barcode:00083899. - Inventario:13038 SBA_BAUMVM$fA $h20110915$i20121204 977 $a 52 996 $aBenzú y los orígenes de Ceuta$93632974 997 $aUNICAS LEADER 01234nam0 22003013i 450 001 RML0514603 005 20231121125805.0 010 $a9782070714957 100 $a20230608d1988 ||||0itac50 ba 101 | $afre 102 $afr 181 1$6z01$ai $bxxxe 182 1$6z01$an 200 1 $aDiscours de réception de Georges Duby à l'Academie française et résponse d' Alain Peyrefitte$esuivis des allocutions prononcées à l'occasion de la remise de l'épée 210 $a[Paris]$cGallimard$d1988 215 $a114 p.$d19 cm 606 $aDuby, Georges$xDiscorsi$2FIR$3RMLC478698$9N 676 $a907.202$9Storici e storiografi.$v22 700 1$aDuby$b, Georges$f <1919-1996>$3CFIV005379$4070$011158 701 1$aPeyrefitte$b, Alain$3RAVV048138$4070$03707 801 3$aIT$bIT-01$c20230608 850 $aIT-FR0017 899 $aBiblioteca umanistica Giorgio Aprea$bFR0017 $eN 912 $aRML0514603 950 0$aBiblioteca umanistica Giorgio Aprea$d 52DGA S 462$e 52SBA0000296795 VMB RS $fA $h20230608$i20230608 977 $a 52 996 $aDiscours de réception de Georges Duby à l'Academie française et résponse d' Alain Peyrefitte$93634402 997 $aUNICAS